Southville International School and Colleges
Your cart is empty.
  • Cart
  • Lists
    Public lists Eva Luna New books Lux_list list_1
    Your lists Log in to create your own lists
  • Log in to your account
  • Your cookies
  • Search history
Southville International School and Colleges
  • Advanced search
  • Recent comments
  • Most popular
  • Libraries

Log in to your account

Log in with GOOGLE


If you do not have an external account, but do have a local account, you can still log in:

  1. Home
  2. MARC view: The Sunita experiment /
Normal view MARC view ISBD view

The Sunita experiment / (Record no. 33339)

[ view plain ]
MARC details
000 -LEADER
fixed length control field 01040pam a2200337 a 4500
001 - CONTROL NUMBER
control field 1107394
003 - CONTROL NUMBER IDENTIFIER
control field OSt
005 - DATE AND TIME OF LATEST TRANSACTION
control field 20140310184248.0
008 - FIXED-LENGTH DATA ELEMENTS--GENERAL INFORMATION
fixed length control field 930722s1993 nyu j 000 1 eng
010 ## - LIBRARY OF CONGRESS CONTROL NUMBER
LC control number 93028525
020 ## - INTERNATIONAL STANDARD BOOK NUMBER
International Standard Book Number 0439229545
040 ## - CATALOGING SOURCE
Original cataloging agency DLC
Transcribing agency DLC
Modifying agency DLC
042 ## - AUTHENTICATION CODE
Authentication code lcac
050 00 - LIBRARY OF CONGRESS CALL NUMBER
Classification number PZ 7
Item number .P4315Su 1993
082 00 - DEWEY DECIMAL CLASSIFICATION NUMBER
Classification number [Fic]
100 1# - MAIN ENTRY--PERSONAL NAME
Personal name Perkins, Mitali.
9 (RLIN) 23976
245 14 - TITLE STATEMENT
Title The Sunita experiment /
Statement of responsibility, etc Mitali Perkins.
Medium http://sisc-library:8080/cgi-bin/koha/cataloguing/addbiblio.pl#tab4XX
260 ## - PUBLICATION, DISTRIBUTION, ETC. (IMPRINT)
Place of publication, distribution, etc New York :
Name of publisher, distributor, etc Scholastics
Date of publication, distribution, etc c1993.
300 ## - PHYSICAL DESCRIPTION
Extent 179 p. ;
Dimensions 22 cm.
521 ## - TARGET AUDIENCE NOTE
Target audience note
526 ## - STUDY PROGRAM INFORMATION NOTE
Reading level 780
562 ## - COPY AND VERSION IDENTIFICATION NOTE
Number of copies 1
650 #1 - SUBJECT ADDED ENTRY--TOPICAL TERM
Topical term or geographic name as entry element East Indian Americans
General subdivision Fiction.
9 (RLIN) 29920
650 #1 - SUBJECT ADDED ENTRY--TOPICAL TERM
Topical term or geographic name as entry element Grandparents
General subdivision Fiction.
9 (RLIN) 29921
650 #1 - SUBJECT ADDED ENTRY--TOPICAL TERM
Topical term or geographic name as entry element Family life
General subdivision Fiction.
9 (RLIN) 29922
650 #1 - SUBJECT ADDED ENTRY--TOPICAL TERM
Topical term or geographic name as entry element Friendship
General subdivision Fiction.
9 (RLIN) 29923
906 ## - LOCAL DATA ELEMENT F, LDF (RLIN)
a 7
b cbc
c orignew
d 1
e ocip
f 19
g y-gencatlg
942 ## - ADDED ENTRY ELEMENTS (KOHA)
Source of classification or shelving scheme Library of Congress Classification
Koha item type
Holdings
Withdrawn status Lost status Source of classification or shelving scheme Damaged status Home library Current library Shelving location Date acquired Total Checkouts Full call number Barcode Date last seen Copy number Price effective from Koha item type
    Library of Congress Classification   Luxembourg Library Luxembourg Library Scholastic Reading Center Section 04/20/2012   PZ 7 .P4315Su 1993 SCHO0586 04/18/2017 1 01/30/2014 Books

The Sunita experiment /

APA

Perkins M., . (1993). The Sunita experiment. New York: Scholastics.

Chicago

Perkins Mitali, . 1993. The Sunita experiment. New York: Scholastics.

Harvard

Perkins M., . (1993). The Sunita experiment. New York: Scholastics.

MLA

Perkins Mitali, . The Sunita experiment. New York: Scholastics. 1993.

  • Place hold
  • Print
  • Cite
  • Add to your cart (remove)
  • Save record
    BIBTEX Dublin Core MARCXML MARC (non-Unicode/MARC-8) MARC (Unicode/UTF-8) MARC (Unicode/UTF-8, Standard) MODS (XML) RIS
  • More searches
    Search for this title in:
    Other Libraries (WorldCat) Other Databases (Google Scholar) Online Stores (Bookfinder.com) Open Library (openlibrary.org)

Exporting to Dublin Core...

SOUTHVILLE LIBRARY

Southville International School and Colleges Library

1281 Tropical Ave. Cor. Luxembourg St., BF Homes International, Las Pinas City

Tel. No. 8256374 / 252358 Loc. 117/146

Powered by Koha